Facilities management (Record no. 108331)
[ view plain ]
| 000 -LEADER | |
|---|---|
| fixed length control field | 01425cam a22002775a 4500 |
| 001 - CONTROL NUMBER | |
| control field | L143980 |
| 008 - FIXED-LENGTH DATA ELEMENTS--GENERAL INFORMATION | |
| fixed length control field | 080610s1998 xxkado f 001 0 eng d |
| 020 ## - INTERNATIONAL STANDARD BOOK NUMBER | |
| International Standard Book Number | 0333737989 |
| 035 ## - SYSTEM CONTROL NUMBER | |
| System control number | (Sirsi) u143980 |
| 041 0# - LANGUAGE CODE | |
| Language code of text/sound track or separate title | eng |
| 050 04 - LIBRARY OF CONGRESS CALL NUMBER | |
| Classification number | 658.2 $2 18 |
| 100 1# - MAIN ENTRY--PERSONAL NAME | |
| Personal name | Park, Alan |
| 245 00 - TITLE STATEMENT | |
| Title | Facilities management |
| Remainder of title | an explanation |
| 250 ## - EDITION STATEMENT | |
| Edition statement | 2nd ed. (reprinted 2008) |
| 260 ## - PUBLICATION, DISTRIBUTION, ETC. | |
| Place of publication, distribution, etc. | Basingstoke |
| Name of publisher, distributor, etc. | Palgrave |
| Date of publication, distribution, etc. | 1998 |
| 300 ## - PHYSICAL DESCRIPTION | |
| Extent | xv, 178p. |
| Other physical details | ill. |
| Dimensions | 25cm. |
| 350 ## - PRICE (NR) (BK AM CF MU VM SE) [OBSOLETE] | |
| Price | 28.99 |
| 505 2# - FORMATTED CONTENTS NOTE | |
| Formatted contents note | Origins and objectives -- Space planning -- Space planning data in cost control -- Maintenance and feedback -- Operational services -- Assets -- Life cycle costing -- Systems and software -- Worked examples -- Services -- Allied activities -- Health and safety -- The property portfolio -- Case studies |
| 520 ## - SUMMARY, ETC. | |
| Summary, etc. | Discusses the skills required to manage the use of facilities and how these skills develop to the changing demands of occupiers. Highlights the growing importance of conservation and sustainability of resources; in turn impacting on effective facilities management. Text is suitable for both students and practitioners. |
| 520 ## - SUMMARY, ETC. | |
| Summary, etc. | Item is a reprint of the 2nd edition published by Macmillan Press. |
| 521 ## - TARGET AUDIENCE NOTE | |
| Target audience note | Advanced |
| 651 #4 - SUBJECT ADDED ENTRY--GEOGRAPHIC NAME | |
| Geographic name | United Kingdom |
| Chronological subdivision | |
| 690 ## - LOCAL SUBJECT ADDED ENTRY--TOPICAL TERM (OCLC, RLIN) | |
| Topical term or geographic name as entry element | PROPERTY-COMMERCIAL PROPERTY-CORPORATE REAL ESTATE-CORPORATE REAL ESTATE MANAGEMENT-STRATEGIC FACILITIES PLANNING |
| 942 ## - ADDED ENTRY ELEMENTS (KOHA) | |
| Suppress in OPAC | 0 |
| Withdrawn status | Lost status | Source of classification or shelving scheme | Damaged status | Not for loan | Home library | Current library | Shelving location | Date acquired | Cost, normal purchase price | Total Checkouts | Full call number | Barcode | Date last seen | Date last checked out | Copy number | Cost, replacement price | Price effective from | Koha item type |
|---|---|---|---|---|---|---|---|---|---|---|---|---|---|---|---|---|---|---|
| Dewey Decimal Classification | London | London | Books | 08/07/2008 | 28.99 | 9 | 658.2 PAR | 30074863 | 06/08/2019 | 17/08/2009 | 2 | 28.99 | 06/08/2019 | Book |